000 00622nam a2200205Ia 4500
008 131103s9999 xx 000 0 und d
020 _a140448462
_cRs 250
040 _aLoreto College
041 _aEnglish
082 _a891.73/CHA
_bLCLIB/46734
245 _aRussian short stories from Pushkin to Buida
_cEdited and translated by Robert Chandler
260 _aLondon
_bPenguin Books
_c2005
300 _axix,396p
_c 23 cm
630 _aPushkin, Aleksandr, 1799-1837
650 _aBuida, Yury, 1954 -
651 _aFiction, Russian
700 _aChandler, Robert, ed
850 _aLCLIB/891.73/CHA
942 _cBK
999 _c20360
_d70839